[Event "Bad Soden U10 op"]
[Site "Bad Soden"]
[Date "2019.10.05"]
[Round "5"]
[White "Hott, Arthur"]
[Black "Jaeger, Viktoria"]
[Result "0-1"]
[WhiteElo "774"]
[BlackElo "870"]
[PlyCount "112"]
[EventDate "2019.10.03"]
[EventType "swiss"]
[EventRounds "9"]
[EventCountry "GER"]
[SourceTitle "CBM 192 Extra"]
[Source "Chessbase"]
[SourceDate "2019.11.06"]
[SourceVersion "1"]
[SourceVersionDate "2019.11.06"]
[SourceQuality "1"]

1. e4 e5 2. Nf3 Nc6 3. Bc4 Bc5 4. Nc3 Nf6 5. d3 h6 6. 0-0 d6 7. h3 Be6 8. Bxe6 fxe6 9. Bd2 Qe7 10. Re1 0-0-0 11. Nh4 Nd7 12. Ng6 Qf6 13. Nxh8 Bxf2+ 14. Kh1 Bxe1 15. Bxe1 Rxh8 16. Bd2 Rf8 17. Be3 Qh4 18. Nb5 Kb8 19. Qg1 a6 20. Ba7+ Nxa7 21. Qxa7+ Kc8 22. Nc3 Rf2 23. Re1 Qg3 24. Rg1 Rxc2 25. Nd1 Nc5 26. Qa8+ Kd7 27. Qf8 Nxd3 28. Qf7+ Kc6 29. Qf3 Qxf3 30. gxf3 Nxb2 31. Ne3 Nc4 32. Nxc2 b5 33. Rxg7 a5 34. Rg1 b4 35. Rb1 Kc5 36. Ra1 a4 37. a3 b3 38. Ne1 b2 39. Rb1 Kd4 40. Kg1 Kc3 41. Kf2 Nxa3 42. Rd1 b1Q 43. Rxb1 Nxb1 44. Ke3 a3 45. Ke2 a2 46. Kd1 a1Q 47. Nc2 Qa4 48. Ke1 Qxc2 49. h4 Qg2 50. Kd1 Qxf3+ 51. Ke1 Qxe4+ 52. Kf1 Qxh4 53. Kg1 Kd3 54. Kf1 Ke3 55. Kg1 Kf3 56. Kf1 Qf2# 0-1

[Event "Bad Soden U10 op"]
[Site "Bad Soden"]
[Date "2019.10.05"]
[Round "7"]
[White "Jaeger, Viktoria"]
[Black "Gossen, Michael"]
[Result "0-1"]
[WhiteElo "870"]
[BlackElo "1066"]
[PlyCount "40"]
[EventDate "2019.10.03"]
[EventType "swiss"]
[EventRounds "9"]
[EventCountry "GER"]
[SourceTitle "CBM 192 Extra"]
[Source "Chessbase"]
[SourceDate "2019.11.06"]
[SourceVersion "1"]
[SourceVersionDate "2019.11.06"]
[SourceQuality "1"]

1. e4 c5 2. c4 d6 3. Nf3 Nf6 4. d4 Nxe4 5. Nc3 Nxc3 6. bxc3 Qa5 7. Qc2 g6 8. Bd3 Bg7 9. 0-0 Nc6 10. Re1 0-0 11. Bd2 Bg4 12. Ng5 Qc7 13. Ne4 cxd4 14. cxd4 Nxd4 15. Qc1 Nf5 16. Nc3 e6 17. Bxf5 exf5 18. Bh6 Qxc4 19. Bxg7 Kxg7 20. Rd1 Bxd1 0-1

[Event "Bad Soden U10 op"]
[Site "Bad Soden"]
[Date "2019.10.04"]
[Round "2"]
[White "Jaeger, Viktoria"]
[Black "Mandalka, Justus"]
[Result "0-1"]
[WhiteElo "870"]
[BlackElo "1175"]
[PlyCount "66"]
[EventDate "2019.10.03"]
[EventType "swiss"]
[EventRounds "9"]
[EventCountry "GER"]
[SourceTitle "CBM 192 Extra"]
[Source "Chessbase"]
[SourceDate "2019.11.06"]
[SourceVersion "1"]
[SourceVersionDate "2019.11.06"]
[SourceQuality "1"]

1. e4 c5 2. c4 Nc6 3. Nf3 e5 4. Nc3 d6 5. d3 Bg4 6. h3 Bxf3 7. Qxf3 Nf6 8. Be3 Be7 9. Be2 0-0 10. 0-0 Nb4 11. Rfd1 Qb6 12. b3 Qa5 13. Rd2 Nc6 14. Nd5 Nxd5 15. exd5 Nd4 16. Qg3 Nf5 17. Qf3 Nxe3 18. Qxe3 h6 19. a4 Bg5 20. Qe4 Qxd2 21. d4 Qxd4 22. Qc2 Qxa1+ 23. Bf1 Rae8 24. Qe2 e4 25. g3 e3 26. Kg2 exf2 27. Qxf2 Qc3 28. h4 Bc1 29. Kh3 Qe3 30. Qg2 Re4 31. Kh2 Qd2 32. Bd3 Qxg2+ 33. Kxg2 Re3 0-1

[Event "Bad Soden U10 op 5th"]
[Site "Bad Soden"]
[Date "2018.10.03"]
[Round "8"]
[White "Siram, Abhinav"]
[Black "Jaeger, Viktoria"]
[Result "1-0"]
[WhiteElo "763"]
[BlackElo "732"]
[PlyCount "65"]
[EventDate "2018.09.30"]
[EventType "swiss"]
[EventRounds "9"]
[EventCountry "GER"]
[SourceTitle "EXT 2020"]
[Source "ChessBase"]
[SourceDate "2019.10.17"]
[SourceVersion "1"]
[SourceVersionDate "2019.10.17"]
[SourceQuality "1"]

1. e4 e5 2. Bc4 Nc6 3. Nf3 Bc5 4. c3 Nf6 5. h3 d6 6. d4 exd4 7. cxd4 Bb4+ 8. Nc3 Nxe4 9. Bd2 Nf6 10. Bg5 Be6 11. Bb5 0-0 12. Bxc6 bxc6 13. a3 Ba5 14. b4 h6 15. Bxf6 Qxf6 16. bxa5 Rab8 17. 0-0 Rb3 18. Ne2 Bd5 19. Rb1 Rxf3 20. gxf3 Qg6+ 21. Ng3 Qg5 22. Re1 Qh4 23. Kh2 Qf4 24. Kg2 a6 25. Rb7 Rc8 26. Re7 c5 27. Rbxc7 cxd4 28. Rxc8+ Kh7 29. Qd3+ g6 30. Nh5 Qg5+ 31. Ng3 Qxe7 32. Qxd4 Qb7 33. Qh8# 1-0

[Event "Bad Soden U10 op 5th"]
[Site "Bad Soden"]
[Date "2018.09.30"]
[Round "2"]
[White "Graef, Kilian Gabriel"]
[Black "Jaeger, Viktoria"]
[Result "1-0"]
[WhiteElo "1535"]
[BlackElo "732"]
[PlyCount "53"]
[EventDate "2018.09.30"]
[EventType "swiss"]
[EventRounds "9"]
[EventCountry "GER"]
[SourceTitle "EXT 2020"]
[Source "ChessBase"]
[SourceDate "2019.10.17"]
[SourceVersion "1"]
[SourceVersionDate "2019.10.17"]
[SourceQuality "1"]

1. d4 g6 2. c4 Bg7 3. Nc3 b6 4. Nf3 Bb7 5. e3 e6 6. Bd3 Ne7 7. 0-0 d6 8. Re1 Nd7 9. Bd2 0-0 10. Rc1 Re8 11. e4 d5 12. cxd5 exd5 13. e5 Nc6 14. Nxd5 Nxd4 15. Nxd4 Bxd5 16. Nb5 Nxe5 17. Nxc7 Qxc7 18. Rxc7 Nxd3 19. Rxe8+ Rxe8 20. Be3 Nb4 21. a3 Be6 22. axb4 a6 23. h3 Bxb2 24. Bd4 Ba3 25. Qa1 Bxb4 26. Bh8 Re7 27. Qg7# 1-0

[Event "Heusenstamm Sparkassen op U14 4th"]
[Site "Heusenstamm"]
[Date "2017.11.25"]
[Round "2"]
[White "Schmidt, Merle"]
[Black "Jaeger, Viktoria"]
[Result "1-0"]
[WhiteElo "936"]
[BlackElo "768"]
[PlyCount "85"]
[EventDate "2017.11.24"]
[EventType "swiss"]
[EventRounds "5"]
[EventCountry "GER"]
[SourceTitle "EXT 2019"]
[Source "ChessBase"]
[SourceDate "2018.10.10"]
[SourceVersion "1"]
[SourceVersionDate "2018.10.10"]
[SourceQuality "1"]

1. e4 e5 2. Nf3 Nc6 3. Bc4 Bc5 4. Nc3 Nf6 5. d3 d6 6. Bg5 h6 7. Bh4 Bg4 8. Nd5 Qd7 9. Bxf6 gxf6 10. Nxf6+ Kd8 11. Nxd7 Kxd7 12. 0-0 Rhg8 13. Bxf7 Rgf8 14. Bd5 Rf6 15. Bxc6+ Kxc6 16. a3 Rh8 17. b4 Bb6 18. a4 a6 19. c4 Bd4 20. Rb1 h5 21. b5+ Kc5 22. Qe2 Rg6 23. bxa6 bxa6 24. Rb7 h4 25. Rxc7+ Kb6 26. Rf7 Bh5 27. h3 Bxf3 28. Qxf3 Ka5 29. Kh1 Kxa4 30. g3 hxg3 31. fxg3 Rxh3+ 32. Kg2 Rgh6 33. Qg4 Kb3 34. Qxh3 Re6 35. Qxe6 a5 36. Rb1+ Kc3 37. Qxd6 a4 38. Ra1 Kb3 39. Qa3+ Kc2 40. Qc1+ Kxd3 41. Rf3+ Kxe4 42. Qe1+ Be3 43. Qxe3# 1-0